| 000 | 00816nam a2200217 a 4500 | ||
|---|---|---|---|
| 001 | 000030901 | ||
| 003 | DO-SdBNP | ||
| 005 | 20220713101613.0 | ||
| 007 | ta | ||
| 008 | 110606s2019 dr ac r 000 0 spa d | ||
| 040 |
_aDO-SdBNP _bspa _cBNPHU |
||
| 082 | 4 | _222 | |
| 111 | 2 |
_aExposición nacional de mu;ecas _d(2019: _cSanto Domingo _n8 de agosto 2019 ) _957422 |
|
| 245 | 1 | 0 |
_a2da. muestra cultural Japón-República Dominicana : _bexposición de muñecas ciclo de cine, charlas, talleres y poesía tanka |
| 246 |
_aSegunda muestra cultural Japón-República Dominicana : _bexposición de muñecas ciclo de cine, charlas, talleres y poesía tanka |
||
| 260 |
_aSanto Domingo : _bBanreservas, _c2019. |
||
| 300 |
_a22 p. : _c22 cm. _bil. ; |
||
| 590 | _aInventariado, 2022 / DG | ||
| 910 | _aDG | ||
| 942 |
_2ddc _cLBS1 |
||
| 999 |
_c52117 _d52117 |
||